[Event "Nova Gorica op 28th"]
[Site "Nova Gorica"]
[Date "2024.01.29"]
[Round "5"]
[White "Petrovcic, Cvetko"]
[Black "Budai, Federico"]
[Result "1-0"]
[WhiteElo "1611"]
[BlackElo "1861"]
[PlyCount "97"]
[EventDate "2024.01.26"]
[EventType "swiss"]
[EventRounds "9"]
[EventCountry "SLO"]
[SourceTitle "CB06_2024"]
[SourceDate "2024.02.07"]
[SourceVersion "1"]
[SourceVersionDate "2024.02.07"]
[SourceQuality "1"]

1. e4 c5 2. f4 Nc6 3. Nf3 e6 4. Nc3 Nge7 5. Nb5 d5 6. e5 Ng6 7. d4 a6 8. Nc3 cxd4 9. Nxd4 Bc5 10. Nce2 0-0 11. c3 f6 12. Be3 Be7 13. Nf3 fxe5 14. fxe5 Ngxe5 15. Ned4 Nxf3+ 16. Nxf3 e5 17. h4 Bg4 18. Be2 Bxf3 19. Bxf3 e4 20. Bg4 Qd6 21. Rh3 Ne5 22. Be2 b5 23. Qd2 Rad8 24. 0-0-0 Nc4 25. Bxc4 bxc4 26. Bd4 a5 27. Be3 a4 28. a3 Bf6 29. g4 Be5 30. Bg5 Rd7 31. Be3 Bf4 32. Rf1 Rdf7 33. Bxf4 Rxf4 34. Rd1 Rd8 35. g5 Rf5 36. h5 Qe5 37. h6 Rxg5 38. hxg7 Rxg7 39. Rdh1 Rdd7 40. Rh5 Qe6 41. Rh6 Rg6 42. R6h5 Qf7 43. Qd4 Qf4+ 44. Kb1 Qf3 45. Qe5 Qf8 46. Rf5 Rf7 47. Qxd5 Kg7 48. Rxh7+ Kxh7 49. Rxf7+ 1-0

[Event "Nova Gorica op 28th"]
[Site "Nova Gorica"]
[Date "2024.01.28"]
[Round "4"]
[White "Budai, Federico"]
[Black "Novak, Rok"]
[Result "1/2-1/2"]
[WhiteElo "1861"]
[BlackElo "1777"]
[PlyCount "62"]
[EventDate "2024.01.26"]
[EventType "swiss"]
[EventRounds "9"]
[EventCountry "SLO"]
[SourceTitle "CB06_2024"]
[SourceDate "2024.02.07"]
[SourceVersion "1"]
[SourceVersionDate "2024.02.07"]
[SourceQuality "1"]

1. e4 c6 2. d4 d5 3. e5 c5 4. dxc5 Nc6 5. Nf3 Bg4 6. Bb5 Qa5+ 7. Nc3 e6 8. Be3 Nge7 9. h3 Bxf3 10. gxf3 Nf5 11. Bd2 Qc7 12. f4 Bxc5 13. Na4 Be7 14. Bd3 Nh4 15. Qg4 g6 16. Nc3 a6 17. Ne2 0-0-0 18. 0-0-0 Kb8 19. Kb1 Rhg8 20. Rhf1 Qb6 21. Be3 d4 22. Bd2 Nb4 23. Bxb4 Qxb4 24. c3 dxc3 25. Nxc3 Rc8 26. Rc1 Rgd8 27. Rfd1 Rd4 28. Ne2 Rxc1+ 29. Kxc1 Rd8 30. Qg3 Qa4 31. Nc3 Qc6 1/2-1/2

[Event "ITA-ch U20"]
[Site "Tarvisio"]
[Date "2023.07.09"]
[Round "9"]
[White "De Marco, Leonardo"]
[Black "Budai, Federico"]
[Result "0-1"]
[WhiteElo "1565"]
[BlackElo "1877"]
[PlyCount "70"]
[EventDate "2023.07.02"]
[EventType "swiss"]
[EventRounds "9"]
[EventCountry "ITA"]
[SourceTitle "EXT 2024"]
[Source "ChessBase"]
[SourceDate "2023.10.10"]
[SourceVersion "1"]
[SourceVersionDate "2023.10.10"]
[SourceQuality "1"]

1. e4 e5 2. Nf3 Nc6 3. Bc4 Bc5 4. c3 Nf6 5. d4 exd4 6. e5 d5 7. Bb5 Ne4 8. cxd4 Bb6 9. Nc3 0-0 10. Be3 f5 11. exf6 Nxf6 12. Bxc6 bxc6 13. Ne5 Qd6 14. 0-0 Bd7 15. Nxd7 Qxd7 16. Rc1 Rae8 17. Na4 Ne4 18. Qc2 Rf6 19. Rfe1 Rfe6 20. Nc3 Nd6 21. Qd3 Nb5 22. Ne2 Re4 23. Ng3 R4e6 24. Ne2 g6 25. a4 Nd6 26. Qa6 Nc4 27. Rc3 Ba5 28. Qxa7 Bxc3 29. Nxc3 Nxe3 30. fxe3 Rxe3 31. Rxe3 Rxe3 32. Qa8+ Kg7 33. Kf2 Re8 34. Qa6 Qf5+ 35. Kg3 Re3+ 0-1

[Event "ITA-ch U20"]
[Site "Tarvisio"]
[Date "2023.07.05"]
[Round "4"]
[White "Budai, Federico"]
[Black "Lucchi, Alessandro"]
[Result "1-0"]
[WhiteElo "1877"]
[BlackElo "1370"]
[PlyCount "47"]
[EventDate "2023.07.02"]
[EventType "swiss"]
[EventRounds "9"]
[EventCountry "ITA"]
[SourceTitle "EXT 2024"]
[Source "ChessBase"]
[SourceDate "2023.10.10"]
[SourceVersion "1"]
[SourceVersionDate "2023.10.10"]
[SourceQuality "1"]

1. e4 e5 2. Nf3 Nc6 3. Bc4 Bc5 4. c3 Nf6 5. d3 a5 6. Bb3 d6 7. Nbd2 0-0 8. 0-0 Ba7 9. h3 Ne7 10. Re1 Ng6 11. Nf1 Be6 12. d4 Qe7 13. Bc2 Nh5 14. Ne3 Nh4 15. Nf5 Bxf5 16. exf5 Qf6 17. Nxe5 Nxf5 18. Nd7 Qg6 19. Nxf8 Rxf8 20. Qg4 Nhg3 21. Qxg6 fxg6 22. fxg3 Nxd4 23. cxd4 Bxd4+ 24. Be3 1-0

[Event "Forni di Sopra op 14th"]
[Site "Forni di Sopra"]
[Date "2023.06.15"]
[Round "7"]
[White "Budai, Federico"]
[Black "Zucchelli, Massimo"]
[Result "1-0"]
[WhiteElo "1760"]
[BlackElo "2141"]
[PlyCount "99"]
[EventDate "2023.06.10"]
[EventType "swiss"]
[EventRounds "9"]
[EventCountry "ITA"]
[SourceTitle "CBM 214 Extra"]
[Source "ChessBase"]
[SourceDate "2023.07.31"]
[SourceVersion "1"]
[SourceVersionDate "2023.07.31"]
[SourceQuality "1"]

1. e4 e6 2. d4 d5 3. Nd2 c5 4. exd5 exd5 5. Ngf3 Nf6 6. Bb5+ Bd7 7. Qe2+ Be7 8. dxc5 0-0 9. Nb3 Re8 10. Be3 a6 11. Bd3 Bg4 12. 0-0-0 Nbd7 13. h3 Be6 14. Nfd2 Rc8 15. Qf1 Nxc5 16. Nxc5 Bxc5 17. Bxc5 Rxc5 18. Nb3 Rc8 19. Kb1 Qb6 20. g4 Ne4 21. Rh2 g6 22. f3 Nd6 23. Qf2 Qc7 24. Rhh1 a5 25. Nd4 Qb6 26. Rhf1 Bd7 27. Ka1 a4 28. a3 Nc4 29. Bxc4 dxc4 30. c3 Qc7 31. Qd2 Kg7 32. f4 Bc6 33. f5 Kh8 34. fxg6 fxg6 35. Nxc6 Qxc6 36. Rf7 Kg8 37. Qd7 Qxd7 38. Rdxd7 Rcd8 39. Rg7+ Kh8 40. Rxh7+ Kg8 41. Rdg7+ Kf8 42. Rxb7 Rd1+ 43. Ka2 Kg8 44. Rbg7+ Kf8 45. Rh8+ Kxg7 46. Rxe8 Rh1 47. Re4 Rxh3 48. Rxc4 g5 49. Rxa4 Rf3 50. Rd4 1-0

[Event "Forni di Sopra op 14th"]
[Site "Forni di Sopra"]
[Date "2023.06.10"]
[Round "1"]
[White "Budai, Federico"]
[Black "Ridolfo, Enrico"]
[Result "1/2-1/2"]
[WhiteElo "1760"]
[BlackElo "2085"]
[PlyCount "144"]
[EventDate "2023.06.10"]
[EventType "swiss"]
[EventRounds "9"]
[EventCountry "ITA"]
[SourceTitle "CBM 214 Extra"]
[Source "ChessBase"]
[SourceDate "2023.07.31"]
[SourceVersion "1"]
[SourceVersionDate "2023.07.31"]
[SourceQuality "1"]

1. e4 c5 2. Nf3 g6 3. c3 Nf6 4. Bd3 Bg7 5. Bc2 0-0 6. 0-0 d6 7. h3 Nc6 8. d4 cxd4 9. cxd4 Nb4 10. Bb3 d5 11. e5 Ne4 12. Be3 b6 13. a3 Nc6 14. Nbd2 Nxd2 15. Nxd2 Ba6 16. Re1 e6 17. Bc2 Na5 18. b4 Nc4 19. Nxc4 Bxc4 20. Bd3 Rc8 21. Rc1 b5 22. Qd2 Qd7 23. f4 Bxd3 24. Qxd3 Rc4 25. Rxc4 dxc4 26. Qe4 Rd8 27. Rc1 Qd5 28. Qxd5 Rxd5 29. Kf2 Bf8 30. Ke2 Be7 31. Kd1 Bh4 32. Kc2 Bg3 33. Rf1 h5 34. Kc3 Kg7 35. a4 a6 36. axb5 axb5 37. Ra1 h4 38. Rf1 Rd8 39. Ra1 Rd7 40. Kc2 Rd8 41. Kc3 g5 42. fxg5 Bxe5 43. Ra5 Rd5 44. dxe5 Rd3+ 45. Kc2 Rxe3 46. Rxb5 Rb3 47. Rb7 Kg6 48. b5 Kxg5 49. Rxf7 Rxb5 50. Kc3 Rxe5 51. Kxc4 Re4+ 52. Kd3 Rf4 53. Rg7+ Kf6 54. Rh7 Kg6 55. Rh8 e5 56. Ke3 Ra4 57. Re8 Kf5 58. Rf8+ Ke6 59. Re8+ Kf6 60. Rf8+ Kg7 61. Rf5 Ra2 62. Kf3 e4+ 63. Kxe4 Rxg2 64. Rh5 Ra2 65. Kf5 Ra5+ 66. Kg4 Rxh5 67. Kxh5 Kh7 68. Kxh4 Kh8 69. Kg5 Kg8 70. Kg6 Kh8 71. h4 Kg8 72. h5 Kh8 1/2-1/2